| 000 | 01062nam a22003257a 4500 | ||
|---|---|---|---|
| 005 | 20250819141755.0 | ||
| 008 | 150304b2012 xxu||||| |||| 00| 0 spa d | ||
| 020 | _a9789977135298 | ||
| 041 | _aESP | ||
| 082 | _a342 G652t | ||
| 100 |
_aGordillo, Agustín _914494 |
||
| 245 | _aTratado de derecho administrativo. Tomo 2: la defensa del usuario y del administrativo | ||
| 260 | _aCosta Rica | ||
| 260 | _bIJSA | ||
| 260 | _c2012 | ||
| 300 | _a780 páginas | ||
| 490 | _aDirección y Administración de Empresas | ||
| 490 | _aInvestigación Criminal | ||
| 505 | _aTomo 1: parte general Tomo 2: la defensa del usuario y del administrado Tomo 3: el acto administrativo Tomo 4: el procedimiento administrativo | ||
| 650 | _aDERECHO ADMINISTRATIVO | ||
| 650 | _aLEGÍTIMA DEFENSA | ||
| 650 | _aDERECHO COLECTIVO | ||
| 650 | _aDERECHO SUBJETIVO | ||
| 650 | _aAUDIENCIA PÚBLICA | ||
| 650 | _aLICITACIÓN PÚBLICA | ||
| 650 | _aARBITRAJE ADMINISTRATIVO | ||
| 650 | _aRESPONSABILIDAD CIVIL | ||
| 650 | _aCOSTA RICA | ||
| 942 |
_cBK _2ddc |
||
| 999 |
_c3670 _d3670 |
||